[Event "I Open Praiascacchi"]
[Site "Praia a Mare ITA"]
[Date "2007.04.07"]
[Round "4"]
[White "Rametta, Marcello"]
[Black "Alagia, Pietro"]
[Result "1-0"]
[WhiteElo "1774"]
[BlackElo "1658"]
[PlyCount "63"]
[EventDate "2007.04.05"]

1. e4 e5 2. Bc4 Bc5 3. Nf3 Nc6 4. d3 Nge7 5. Bg5 O-O 6. c3 a6 7. Nbd2 d6 8. Qe2
Bg4 9. h3 Be6 10. Bxe6 fxe6 11. Nc4 b5 12. Ne3 Rf7 13. O-O-O Qf8 14. d4 exd4
15. cxd4 Bb6 16. d5 exd5 17. exd5 Na5 18. Bh4 Re8 19. Qd3 Ng6 20. Ng5 Rf4 21.
Bg3 Rd4 22. Qc2 Rxd1+ 23. Rxd1 Rxe3 24. Ne6 Rxe6 25. dxe6 Qf6 26. Re1 Ne5 27.
f4 Nec4 28. e7 g6 29. e8=Q+ Kg7 30. Re6 Qd4 31. Re7+ Kh6 32. Qf8+ 1-0

[Event "I Open Praiascacchi"]
[Site "Praia a Mare ITA"]
[Date "2007.04.07"]
[Round "4"]
[White "Rizzuti, Pasquale"]
[Black "Piccoli, Vincenzo"]
[Result "0-1"]
[WhiteElo "1835"]
[BlackElo "1745"]
[PlyCount "112"]
[EventDate "2007.04.05"]

1. c4 b6 2. Nf3 Bb7 3. Nc3 e6 4. e4 Bb4 5. Bd3 Na6 6. Bc2 Bxc3 7. bxc3 c5 8. d4
d6 9. Ba4+ Kf8 10. d5 Nc7 11. Bg5 Ne7 12. Qd3 h6 13. Bf4 e5 14. Bg3 Ng6 15. h4
h5 16. Rd1 Qe7 17. Qe3 Bc8 18. Bc6 Rb8 19. Rb1 Bd7 20. Bxd7 Qxd7 21. O-O Ne8
22. Ng5 Nf6 23. f3 Ke7 24. Qd2 Qa4 25. f4 Ng4 26. f5 Nf8 27. Qe2 Nd7 28. Rf3
Ndf6 29. Rff1 Rb7 30. Nf3 Rhb8 31. Ng5 a6 32. Rb2 b5 33. Rfb1 b4 34. Rb3 a5 35.
Be1 Qd7 36. cxb4 axb4 37. Qb2 Ke8 38. a3 bxa3 39. Qxa3 Rxb3 40. Rxb3 Rxb3 41.
Qxb3 Qa7 42. Qb5+ Qd7 43. Qb8+ Qd8 44. Qb5+ Qd7 45. Qa6 Ne3 46. Ba5 Ke7 47. Bd2
Nfg4 48. Ba5 Nc2 49. Nh7 Nd4 50. Qa8 Qe8 51. Qa6 Ne2+ 52. Kf1 Ng3+ 53. Ke1 Nxe4
54. Ng5 Qb8 55. Bb6 Ng3 56. Qb5 Nxf5 0-1

[Event "I Open Praiascacchi"]
[Site "Praia a Mare ITA"]
[Date "2007.04.07"]
[Round "4"]
[White "Sansosti, Simona"]
[Black "Caputo, Mattia"]
[Result "0-1"]
[WhiteElo "1362"]
[BlackElo "1440"]
[PlyCount "78"]
[EventDate "2007.04.05"]

1. e4 c5 2. c3 Nc6 3. d4 cxd4 4. cxd4 e6 5. Nf3 a6 6. Be2 d5 7. e5 Be7 8. O-O
f6 9. Bf4 fxe5 10. Nxe5 Nf6 11. Bf3 O-O 12. Bg3 Qb6 13. Nxc6 bxc6 14. Be5 Qxb2
15. Nd2 Qb6 16. Rb1 Qd8 17. Re1 Bd6 18. Bg4 Bxe5 19. Rxe5 Nxg4 20. Qxg4 Qa5 21.
Nf3 Qxa2 22. Rf1 Bd7 23. Qh3 Qc2 24. Ng5 Rae8 25. Qe3 Qg6 26. Re1 Rf6 27. Qe2
h6 28. Nf3 Ref8 29. Re3 a5 30. Rf1 Rf4 31. Ne5 Qe8 32. Qc2 R8f6 33. Rc3 Rxd4
34. Nxc6 Bxc6 35. Rxc6 Qg6 36. Qxg6 Rxg6 37. Ra1 Kf7 38. Rc7+ Kf6 39. Rxa5 Rd1#
0-1

[Event "I Open Praiascacchi"]
[Site "Praia a Mare ITA"]
[Date "2007.04.07"]
[Round "4"]
[White "Vigile, Matteo"]
[Black "Napoli, Nicolo'"]
[Result "0-1"]
[WhiteElo "2086"]
[BlackElo "2266"]
[PlyCount "88"]
[EventDate "2007.04.05"]

1. e4 g6 2. d4 Bg7 3. Nf3 c6 4. Bd3 d5 5. exd5 cxd5 6. h3 Nh6 7. O-O O-O 8. Re1
Nc6 9. c3 f6 10. Qc2 Nf7 11. Nh4 e5 12. Bxg6 hxg6 13. Qxg6 e4 14. Nd2 Ne7 15.
Qh5 Ng5 16. Nf1 Qe8 17. Ng3 Qxh5 18. Nxh5 Kh7 19. f4 Nf7 20. g4 Bd7 21. c4 dxc4
22. Rxe4 Rae8 23. Bd2 f5 24. Nxg7 Kxg7 25. Rxe7 Rxe7 26. Bb4 Rfe8 27. Bxe7 Rxe7
28. g5 Re4 29. Ng2 Rxd4 30. Rf1 Rd2 31. Rf2 Rd1+ 32. Kh2 Nd6 33. h4 Bc6 34. h5
Bxg2 35. Kxg2 Ne4 36. Re2 b5 37. Kf3 Rd3+ 38. Kg2 Rg3+ 39. Kh2 Rg4 40. a4 a6
41. h6+ Kg6 42. axb5 axb5 43. b3 c3 44. Ra2 Rxf4 0-1

[Event "I Open Praiascacchi"]
[Site "Praia a Mare ITA"]
[Date "2007.04.07"]
[Round "5"]
[White "Alagia, Pietro"]
[Black "Mitkov, Kalin"]
[Result "1-0"]
[WhiteElo "1658"]
[BlackElo "1440"]
[PlyCount "121"]
[EventDate "2007.04.05"]

1. e4 c5 2. d4 cxd4 3. Qxd4 Nc6 4. Qd1 Nf6 5. Nc3 e6 6. Bd3 a6 7. a4 Bb4 8. Bd2
Qc7 9. Nge2 Bc5 10. O-O Ng4 11. Ng3 Nce5 12. Be2 Nf6 13. Re1 Qb6 14. Nh1 O-O
15. a5 Qa7 16. Na4 Nxe4 17. Nxc5 Nxc5 18. Bxa6 Qxa6 19. Rxe5 d5 20. Bb4 Nd7 21.
Re3 Re8 22. Ng3 b6 23. Bc3 Qc4 24. Nf5 Qc7 25. Nxg7 Qd8 26. Nxe8 Qxe8 27. Qg4+
Kf8 28. Qb4+ Qe7 29. Qg4 Nf6 30. Qf4 Ne4 31. Qh6+ Ke8 32. Qxh7 Kd7 33. Be1 Bb7
34. b4 Ng5 35. Qd3 Qd6 36. a6 Rh8 37. h3 Ba8 38. Qb5+ Ke7 39. a7 Ne4 40. Ra6 d4
41. Rd3 Bc6 42. Qxb6 Qd5 43. Qxc6 Qxc6 44. Rxc6 e5 45. b5 Kd7 46. Ba5 Nd6 47.
Rc7+ Ke6 48. Rc6 Kd5 49. Rxd6+ Kxd6 50. b6 Kc6 51. Rf3 Rf8 52. Rf6+ Kb7 53. Bb4
Rc8 54. Ba5 Rf8 55. Rd6 f6 56. Rd7+ Ka8 57. Bb4 Re8 58. Bc5 Rb8 59. axb8=Q+
Kxb8 60. Bd6+ Kc8 61. Ra7 1-0

[Event "I Open Praiascacchi"]
[Site "Praia a Mare ITA"]
[Date "2007.04.07"]
[Round "5"]
[White "Altomonte, Giuseppe"]
[Black "Gad, Alessandro"]
[Result "1-0"]
[WhiteElo "1734"]
[BlackElo "1440"]
[PlyCount "51"]
[EventDate "2007.04.05"]

1. e4 e5 2. Nf3 d6 3. Bc4 Nf6 4. Ng5 d5 5. exd5 Nxd5 6. Nxf7 Kxf7 7. Qf3+ Ke6
8. Nc3 c6 9. O-O b5 10. Bb3 b4 11. Ne2 Qf6 12. Qg4+ Qf5 13. Nd4+ exd4 14. Re1+
Kf6 15. Qxd4+ Kf7 16. Re3 Kg8 17. Re5 Bc5 18. Bxd5+ cxd5 19. Qxd5+ Qf7 20. Qd8+
Bf8 21. Qxc8 Nd7 22. Qxa8 Nxe5 23. d4 Ng4 24. Be3 Nxe3 25. fxe3 Qc4 26. Rf1 1-0

[Event "I Open Praiascacchi"]
[Site "Praia a Mare ITA"]
[Date "2007.04.07"]
[Round "5"]
[White "Bellisario, Carlo"]
[Black "De Marco, Francesco"]
[Result "1-0"]
[WhiteElo "1619"]
[BlackElo "1848"]
[PlyCount "111"]
[EventDate "2007.04.05"]

1. c4 Nf6 2. Nc3 g6 3. g3 Bg7 4. Bg2 d6 5. Nf3 O-O 6. O-O c6 7. d3 Na6 8. Bg5
Bd7 9. Qd2 Re8 10. e4 Qa5 11. a3 Rac8 12. b4 Qd8 13. Rab1 b5 14. e5 dxe5 15.
Nxe5 Nc7 16. Nxd7 Qxd7 17. Ne4 Nxe4 18. Bxe4 f5 19. Bg2 Ne6 20. Be3 Red8 21.
Rfd1 Nd4 22. Qa2 Kh8 23. Rbc1 e5 24. cxb5 cxb5 25. Bg5 Re8 26. Be3 f4 27. Bxd4
Qxd4 28. Rxc8 Rxc8 29. Qe6 Rf8 30. gxf4 Rxf4 31. Qa2 e4 32. Qe2 Rxf2 33. Qxf2
e3 34. Qe2 Be5 35. Rc1 Qf4 36. h3 Qd4 37. Be4 Kg7 38. Kg2 Bf4 39. Rc8 Qf6 40.
Rc6 Qa1 41. Ra6 Qd4 42. Kf3 g5 43. h4 Qd7 44. Qg2 g4+ 45. Qxg4+ Qxg4+ 46. Kxg4
e2 47. Rxa7+ Kf6 48. Kxf4 h5 49. Ra6+ Ke7 50. Ra7+ Kd8 51. Ra8+ Kc7 52. Ra7+
Kb8 53. Rb7+ Kc8 54. Re7 Kd8 55. Bf3 Kxe7 56. Bxe2 1-0

[Event "I Open Praiascacchi"]
[Site "Praia a Mare ITA"]
[Date "2007.04.07"]
[Round "5"]
[White "Calomeni, Francesca"]
[Black "Paragliola, Gennaro"]
[Result "1-0"]
[WhiteElo "1356"]
[BlackElo "1451"]
[PlyCount "53"]
[EventDate "2007.04.05"]

1. e4 d6 2. Nc3 e5 3. d3 g6 4. Nf3 Bg7 5. Be3 f5 6. exf5 Bxf5 7. Be2 Nf6 8. O-O
Nc6 9. Qd2 Qe7 10. d4 exd4 11. Bxd4 O-O-O 12. Rfe1 Nxd4 13. Nxd4 Qd7 14. Ncb5
a6 15. Na7+ Kb8 16. Nac6+ bxc6 17. Qb4+ Ka7 18. Qa4 Ra8 19. Qxa6+ Kb8 20. Nxc6+
Qxc6 21. Qxc6 Be4 22. Qb5+ Kc8 23. Bd3 Bb7 24. Re7 Bh6 25. Rae1 Ba6 26. Qc6 Bb7
27. Qd7+ 1-0

[Event "I Open Praiascacchi"]
[Site "Praia a Mare ITA"]
[Date "2007.04.07"]
[Round "5"]
[White "Coristo, Giovanni"]
[Black "Vigile, Matteo"]
[Result "1-0"]
[WhiteElo "1843"]
[BlackElo "2086"]
[PlyCount "61"]
[EventDate "2007.04.05"]

1. e4 d6 2. d4 Nf6 3. Nc3 g6 4. f3 c6 5. Be3 Nbd7 6. Bd3 b5 7. a3 Bg7 8. Nge2
O-O 9. O-O Nb6 10. b3 a6 11. Qd2 Qc7 12. Bh6 e5 13. Bxg7 Kxg7 14. dxe5 dxe5 15.
Ng3 c5 16. Qe3 c4 17. Be2 Be6 18. b4 Rad8 19. h4 h5 20. Qg5 Rh8 21. f4 exf4 22.
Rxf4 Nbd7 23. Raf1 Qb6+ 24. Kh1 Qd4 25. Nd5 Nxd5 26. exd5 Qxd5 27. Rxf7+ Bxf7
28. Nf5+ Qxf5 29. Rxf5 Rde8 30. Bf3 Be6 31. Rf4 1-0

[Event "I Open Praiascacchi"]
[Site "Praia a Mare ITA"]
[Date "2007.04.07"]
[Round "5"]
[White "De Rasis, Giovanni"]
[Black "Familari, Giuseppe"]
[Result "1/2-1/2"]
[WhiteElo "1560"]
[BlackElo "1717"]
[PlyCount "110"]
[EventDate "2007.04.05"]

1. d4 g6 2. c4 Bg7 3. Nc3 d6 4. e4 Nd7 5. f4 e6 6. Nf3 Ne7 7. Be2 b6 8. O-O Bb7
9. Be3 Nf6 10. Qd3 O-O 11. Rae1 a6 12. h3 d5 13. cxd5 exd5 14. e5 Ne4 15. Ng5
Ng3 16. Rf2 h6 17. Nf3 Nef5 18. Bd1 Ne4 19. Rc2 Nfg3 20. Bf2 Nxf2 21. Rxf2 Ne4
22. Rfe2 a5 23. Rc2 Qd7 24. Nd2 Ba6 25. Qe3 Nxd2 26. Rxd2 Rfe8 27. Nxd5 Rad8
28. Nc3 Bf8 29. a3 Bc5 30. Ne4 Qxd4 31. Nf6+ Kf8 32. Qxd4 Rxd4 33. Rxd4 Bxd4+
34. Kh2 Rd8 35. Bb3 Bxb2 36. Nd5 Bxa3 37. Nxc7 Bc8 38. Nb5 Bb4 39. Rc1 Be6 40.
Bxe6 fxe6 41. Rc6 Bc5 42. Rxe6 Kf7 43. Rf6+ Kg7 44. Nc7 Rd7 45. Ne6+ Kh7 46.
Nxc5 bxc5 47. Ra6 Rc7 48. Rxa5 c4 49. Ra1 Kg7 50. Kg3 Kf7 51. Rc1 c3 52. Rc2
Ke6 53. Kf3 g5 54. g3 gxf4 55. gxf4 Kf5 1/2-1/2

[Event "I Open Praiascacchi"]
[Site "Praia a Mare ITA"]
[Date "2007.04.07"]
[Round "5"]
[White "Felisio, Antonio"]
[Black "Cassanese, Riccardo"]
[Result "1-0"]
[WhiteElo "1464"]
[BlackElo "1518"]
[PlyCount "51"]
[EventDate "2007.04.05"]

1. d4 c6 2. c4 d5 3. cxd5 cxd5 4. Nc3 Nf6 5. Qc2 Nc6 6. e3 e6 7. a3 Bd6 8. Nf3
O-O 9. Be2 a6 10. O-O Qc7 11. Bd2 Ng4 12. g3 e5 13. Rac1 e4 14. Nxd5 Qd8 15.
Qxe4 Re8 16. Qc2 Bxg3 17. fxg3 Qxd5 18. Bc4 Qh5 19. Bxf7+ Kxf7 20. Ne5+ Ke7 21.
Rf7+ Kd8 22. Nxc6+ bxc6 23. Ba5+ Qxa5 24. Qxc6 Rxe3 25. Qd6+ Ke8 26. Qf8# 1-0

[Event "I Open Praiascacchi"]
[Site "Praia a Mare ITA"]
[Date "2007.04.07"]
[Round "5"]
[White "Grandinetti, Pietro"]
[Black "Bottino, Alexiei"]
[Result "0-1"]
[WhiteElo "1639"]
[BlackElo "2043"]
[PlyCount "112"]
[EventDate "2007.04.05"]

1. e4 c5 2. Nf3 Nc6 3. d4 cxd4 4. Nxd4 Nf6 5. Nc3 Qb6 6. Nb3 e6 7. Be3 Qc7 8.
f4 d6 9. Qf3 a6 10. O-O-O h5 11. Bd3 Be7 12. Rhe1 Rb8 13. Nd4 Bd7 14. Kb1 b5
15. Qg3 b4 16. Nce2 Rg8 17. Bg1 a5 18. f5 e5 19. Nxc6 Bxc6 20. Qf3 a4 21. b3
Qb7 22. Ng3 Rh8 23. h4 Qa8 24. Bc4 Kf8 25. Bf2 Rd8 26. Bd5 Bxd5 27. exd5 Rc8
28. Rd2 Bd8 29. Red1 Qa6 30. Ne4 Ng4 31. g3 Nxf2 32. Qxf2 Bb6 33. Qf3 Bd4 34.
Qd3 Qb6 35. Qf3 Ra8 36. Re2 Ra5 37. Ng5 Bc5 38. Rf1 axb3 39. cxb3 Qb7 40. Rc2
Qa7 41. Rfc1 Qb7 42. Qe4 Rh6 43. Nf3 f6 44. Qd3 Qd7 45. Nd2 Ra7 46. Ne4 Bd4 47.
Rc6 Kg8 48. Nxd6 Ra5 49. Qe4 Rxa2 50. Kxa2 Qa7+ 51. Kb1 Qa3 52. Rc8+ Kh7 53.
Rh8+ Kxh8 54. Rc8+ Kh7 55. Kc2 Qb2+ 56. Kd3 Qxb3+ 0-1

[Event "I Open Praiascacchi"]
[Site "Praia a Mare ITA"]
[Date "2007.04.07"]
[Round "5"]
[White "Mercuri, Delia"]
[Black "Rizzuti, Pasquale"]
[Result "0-1"]
[WhiteElo "1415"]
[BlackElo "1835"]
[PlyCount "80"]
[EventDate "2007.04.05"]

1. e4 c5 2. c3 d5 3. exd5 Qxd5 4. d4 cxd4 5. cxd4 Nc6 6. Be3 Bf5 7. Nc3 Qa5 8.
Nf3 Rd8 9. Bb5 e6 10. O-O Bd6 11. Qd2 Nge7 12. a3 Bb8 13. Rad1 O-O 14. Qe2 Bg4
15. h3 Bh5 16. Rd3 Qc7 17. g3 a6 18. Ba4 b5 19. Bb3 e5 20. Bg5 Nxd4 21. Rxd4
Rxd4 22. g4 Bxg4 23. hxg4 Rxg4+ 24. Kh1 Qb7 25. Bc2 Rxg5 26. Be4 Rh5+ 27. Nh2
Rxh2+ 28. Kxh2 Qb6 29. Rg1 f5 30. Bd5+ Nxd5 31. Nxd5 e4+ 32. Kg2 Qd6 33. Qd1
Rd8 34. Qh5 Qxd5 35. Kh1 e3+ 36. f3 Qf7 37. Qh4 Rd2 38. Rg2 e2 39. Rxe2 Rxe2
40. Qd8+ Qe8 0-1

[Event "I Open Praiascacchi"]
[Site "Praia a Mare ITA"]
[Date "2007.04.07"]
[Round "5"]
[White "Messina, Oscar"]
[Black "Sansosti, Simona"]
[Result "1-0"]
[WhiteElo "1440"]
[BlackElo "1362"]
[PlyCount "70"]
[EventDate "2007.04.05"]

1. e4 e5 2. d3 Nf6 3. Be3 d5 4. exd5 Nxd5 5. d4 Nxe3 6. fxe3 Nc6 7. Nc3 Bb4 8.
d5 Ne7 9. e4 O-O 10. Qd2 c6 11. O-O-O cxd5 12. exd5 Nxd5 13. Nge2 Be6 14. a3
Bxc3 15. Nxc3 Qa5 16. Nxd5 Qxd2+ 17. Rxd2 Bxd5 18. Rxd5 e4 19. Re5 f5 20. Bc4+
Kh8 21. Rf1 g6 22. g3 Rad8 23. Kb1 Rd4 24. b3 a6 25. c3 Rd2 26. h3 Rfd8 27. Kc1
b5 28. Be6 R2d3 29. g4 Rxc3+ 30. Kb2 Rxh3 31. gxf5 e3 32. fxg6 Rd2+ 33. Kc1 Rf2
34. Rxf2 exf2 35. Bxh3 hxg6 1-0

[Event "I Open Praiascacchi"]
[Site "Praia a Mare ITA"]
[Date "2007.04.07"]
[Round "5"]
[White "Minucci, Veronica"]
[Black "Magli, Francesco"]
[Result "0-1"]
[WhiteElo "1362"]
[BlackElo "1479"]
[PlyCount "92"]
[EventDate "2007.04.05"]

1. e4 e5 2. Nf3 Nc6 3. Nc3 Nf6 4. d3 d5 5. Be2 d4 6. Nb5 a6 7. Na3 Bxa3 8. bxa3
Qe7 9. O-O O-O 10. Nh4 Nxe4 11. Nf5 Bxf5 12. dxe4 Bxe4 13. Bf3 Bxf3 14. Qxf3 f5
15. Re1 e4 16. Qh3 Qe5 17. f4 Qf6 18. Rb1 b6 19. Qb3+ Kh8 20. c4 Na5 21. Qb4
Qe6 22. c5 Nc6 23. Qa4 b5 24. Qd1 Rad8 25. Bb2 Qxa2 26. Qh5 Rf6 27. h3 Qd5 28.
g4 fxg4 29. Qxd5 Rxd5 30. hxg4 Rxf4 31. Rf1 Rxg4+ 32. Kf2 Rf5+ 33. Ke2 g6 34.
Rxf5 gxf5 35. Rf1 Rg2+ 36. Rf2 Rxf2+ 37. Kxf2 f4 38. Bc1 f3 39. Kg3 Kg7 40. Kf4
f2 41. Kxe4 f1=Q 42. Bb2 Qg2+ 43. Kd3 Qxb2 44. a4 Qb3+ 45. Ke4 Qe3+ 46. Kd5
Ne7# 0-1

[Event "I Open Praiascacchi"]
[Site "Praia a Mare ITA"]
[Date "2007.04.07"]
[Round "5"]
[White "Napoli, Nicolo'"]
[Black "Cordi', Domenico"]
[Result "1-0"]
[WhiteElo "2266"]
[BlackElo "2084"]
[PlyCount "23"]
[EventDate "2007.04.05"]

1. d4 Nf6 2. Nc3 d5 3. Bg5 Bf5 4. Bxf6 exf6 5. e4 dxe4 6. Qe2 c6 7. O-O-O Be7
8. d5 Qd6 9. Kb1 cxd5 10. Rxd5 Qe6 11. Qb5+ Nc6 12. Rxf5 1-0

[Event "I Open Praiascacchi"]
[Site "Praia a Mare ITA"]
[Date "2007.04.07"]
[Round "5"]
[White "Orenga, Antonio"]
[Black "Calomeni, Gianpaolo"]
[Result "0-1"]
[WhiteElo "1440"]
[BlackElo "1503"]
[PlyCount "48"]
[EventDate "2007.04.05"]

1. e4 e5 2. Nf3 Nc6 3. d4 exd4 4. Nxd4 Nxd4 5. Qxd4 Nf6 6. Bd3 d6 7. Bg5 Be7 8.
O-O O-O 9. Nc3 Be6 10. e5 dxe5 11. Qxe5 Bd6 12. Bxf6 Bxe5 13. Bxd8 Bxc3 14.
Bxc7 Bxb2 15. Rab1 Rfc8 16. Bf4 Bd4 17. Be4 Re8 18. Rxb7 Bxa2 19. Bc6 Rec8 20.
Rc7 Rxc7 21. Bxc7 Rc8 22. Rd1 Bf6 23. Re1 Be6 24. Rb1 Rxc7 0-1

[Event "I Open Praiascacchi"]
[Site "Praia a Mare ITA"]
[Date "2007.04.07"]
[Round "5"]
[White "Paese, Salvatore"]
[Black "Levato, Biagio"]
[Result "0-1"]
[WhiteElo "1396"]
[BlackElo "1495"]
[PlyCount "48"]
[EventDate "2007.04.05"]

1. d4 Nf6 2. Nf3 e6 3. e3 d5 4. a3 Nbd7 5. Bb5 c6 6. Ba4 b5 7. Bb3 c5 8. c3 Bb7
9. Nbd2 Bd6 10. Ba2 O-O 11. b4 cxb4 12. cxb4 Nb6 13. O-O Rc8 14. Re1 Na4 15.
Qb3 Rc3 16. Qb1 Qc7 17. Bb2 Nxb2 18. Qxb2 Rc8 19. Bc4 Rxc4 20. Nxc4 dxc4 21.
Rac1 Bxf3 22. g3 Qb7 23. Qc3 Qe4 24. Qc2 Qg4 0-1

[Event "I Open Praiascacchi"]
[Site "Praia a Mare ITA"]
[Date "2007.04.07"]
[Round "5"]
[White "Piccoli, Vincenzo"]
[Black "Gad, Ahmad"]
[Result "0-1"]
[WhiteElo "1745"]
[BlackElo "1784"]
[PlyCount "60"]
[EventDate "2007.04.05"]

1. e4 c5 2. Nf3 d6 3. d4 cxd4 4. Nxd4 Nf6 5. Nc3 g6 6. Be3 Bg7 7. f3 Nc6 8. Qd2
O-O 9. Bc4 Bd7 10. h4 h5 11. O-O-O Ne5 12. Bb3 Rc8 13. Bh6 Nc4 14. Bxc4 Rxc4
15. Bxg7 Kxg7 16. Nd5 e5 17. Nxf6 Rxd4 18. Nxh5+ gxh5 19. Qf2 Rxd1+ 20. Rxd1
Be6 21. Qxa7 Qc7 22. Qe3 f6 23. g4 hxg4 24. fxg4 Rc8 25. c3 Qe7 26. Rg1 Rg8 27.
g5 fxg5 28. Rxg5+ Kf7 29. Qf3+ Qf6 30. Qh5+ Kf8 0-1

[Event "I Open Praiascacchi"]
[Site "Praia a Mare ITA"]
[Date "2007.04.07"]
[Round "5"]
[White "Simone, Leo"]
[Black "Caputo, Mattia"]
[Result "1-0"]
[WhiteElo "1772"]
[BlackElo "1440"]
[PlyCount "53"]
[EventDate "2007.04.05"]

1. Nf3 Nf6 2. d4 d6 3. c4 c6 4. Bf4 g6 5. e3 Bg7 6. Nc3 d5 7. Rc1 Qa5 8. Qd2
O-O 9. Be2 Nbd7 10. h3 b6 11. O-O c5 12. Nxd5 Nxd5 13. Qxa5 bxa5 14. cxd5 cxd4
15. Nxd4 Bb7 16. Rc7 Bxd4 17. exd4 Bc8 18. Rfc1 Nb6 19. Bf3 Rd8 20. d6 Rb8 21.
dxe7 Re8 22. Rxa7 Nd7 23. Bxb8 Nxb8 24. Ra8 Bd7 25. Rc7 Ba4 26. Rb7 Kg7 27.
Raxb8 1-0

[Event "I Open Praiascacchi"]
[Site "Praia a Mare ITA"]
[Date "2007.04.07"]
[Round "5"]
[White "Vacchiano, Salvatore"]
[Black "Marsiglia, Gennaro"]
[Result "1-0"]
[WhiteElo "1509"]
[BlackElo "1440"]
[PlyCount "91"]
[EventDate "2007.04.05"]

1. d4 d5 2. e4 dxe4 3. Nc3 Nf6 4. f3 exf3 5. Nxf3 Bg4 6. Bc4 Nc6 7. Be3 e6 8.
O-O Qd6 9. Qd3 Bf5 10. Qe2 a6 11. a3 h6 12. Rad1 O-O-O 13. b4 Na7 14. d5 Kb8
15. dxe6 Qe7 16. Bc5 Qe8 17. Rxd8+ Qxd8 18. e7 Bxe7 19. Bxe7 Qd7 20. Rd1 Qc6
21. Nd4 Qe8 22. Nxf5 g6 23. Rd8+ Qxd8 24. Bxd8 Rxd8 25. Nxh6 Rd6 26. Nxf7 Rc6
27. b5 Nxb5 28. Nxb5 axb5 29. Bxb5 Rc3 30. a4 Rc5 31. Ne5 g5 32. a5 Ne4 33.
Nd7+ Ka7 34. Nxc5 Nxc5 35. Qe7 Na6 36. Bxa6 Kxa6 37. Qxc7 Ka7 38. Qc5+ Kb8 39.
Qxg5 Ka7 40. h4 b6 41. h5 bxa5 42. h6 a4 43. h7 a3 44. h8=Q a2 45. Qa5+ Kb7 46.
Qb2+ 1-0

[Event "I Open Praiascacchi"]
[Site "Praia a Mare ITA"]
[Date "2007.04.07"]
[Round "5"]
[White "Valotta, Massimiliano"]
[Black "Rametta, Marcello"]
[Result "1-0"]
[WhiteElo "1889"]
[BlackElo "1774"]
[PlyCount "98"]
[EventDate "2007.04.05"]

1. e4 e5 2. Nf3 Nc6 3. d4 exd4 4. Nxd4 Bc5 5. c3 d6 6. Bb5 Bd7 7. O-O Ne5 8.
Bxd7+ Nxd7 9. b4 Bxd4 10. cxd4 Ngf6 11. Bg5 h6 12. Bh4 g5 13. Bg3 O-O 14. Nc3
Nb6 15. Rc1 Qd7 16. Qf3 Kg7 17. e5 Ng8 18. Qxb7 dxe5 19. Bxe5+ f6 20. Ne4 c5
21. Qxd7+ Nxd7 22. Bd6 cxb4 23. Bxf8+ Kxf8 24. Rc7 Nb6 25. Nc5 Nd5 26. Rb7 Nge7
27. Re1 a5 28. Ne6+ Kg8 29. Nc7 Rd8 30. Ra7 Rd6 31. Ra6 Rd8 32. Ra7 Nc6 33. Ra6
Nxd4 34. Re8+ Rxe8 35. Nxe8 Ne2+ 36. Kf1 Nec3 37. Rxa5 Kf7 38. Nd6+ Ke6 39. Nb5
Ke5 40. Nxc3 bxc3 41. Ke2 Kd4 42. Rxd5+ Kxd5 43. Kd3 c2 44. Kxc2 Kc4 45. Kd2 f5
46. g3 h5 47. Ke3 Kc3 48. f4 g4 49. a4 Kc4 1-0

[Event "XIII Festival A"]
[Site "Montecatini Terme ITA"]
[Date "2007.07.28"]
[Round "1"]
[White "Mazzetta, Renato"]
[Black "Pepino, Enrico"]
[WhiteElo "1864"]
[BlackElo "2153"]
[Result "0-1"]
[PlyCount "108"]
[EventDate "2007.07.28"]

1. e4 c5 2. Nc3 e6 3. Nf3 Nc6 4. d4 cxd4 5. Nxd4 a6 6. Bc4 Qc7 7. O-O Nf6 8.
Bg5 Bb4 9. Bxf6 gxf6 10. Nxc6 Qxc6 11. Qd4 Be7 12. a4 Qc5 13. Qxc5 Bxc5 14. a5
b5 15. axb6 Bxb6 16. Rfe1 Rg8 17. Kf1 Bb7 18. Rad1 Rc8 19. Bb3 Ba5 20. Ba4 Bc6
21. Bxc6 Rxc6 22. Re3 Bxc3 23. bxc3 Rg5 24. Red3 Rc7 25. Ra1 a5 26. g3 Rgc5 27.
Ra3 f5 28. exf5 Rxf5 29. Ke2 Rfc5 30. Kd2 d5 31. f4 Kd7 32. Rd4 Kc6 33. Rda4
Ra7 34. Rb3 Rc4 35. Rbb4 Rc5 36. Rb8 Rb5 37. Rh8 f5 38. Re8 Kd6 39. Rd8+ Ke7
40. Rc8 Kd7 41. Rh8 Kd6 42. Rd8+ Kc7 43. Re8 Kd6 44. Rd8+ Ke7 45. Rc8 Rb1 46.
Rh8 Kf6 47. Rf8+ Ke7 48. Rh8 Kd6 49. Rd8+ Kc6 50. Re8 Kb5 51. Rd4 Ra6 52. Rh8
h5 53. Rxh5 Rh1 54. Rh8 a4 0-1

[Event "XIII Festival A"]
[Site "Montecatini Terme ITA"]
[Date "2007.07.29"]
[Round "2"]
[White "Turturici, Pellegrino"]
[Black "Mazzetta, Renato"]
[WhiteElo "2007"]
[BlackElo "1864"]
[Result "1/2-1/2"]
[PlyCount "130"]
[EventDate "2007.07.28"]

1. Nf3 Nf6 2. g3 g6 3. Bg2 Bg7 4. c4 d6 5. Nc3 O-O 6. O-O e5 7. d3 Nc6 8. Bg5
h6 9. Bd2 Ne8 10. Qc1 Kh7 11. a3 f5 12. e3 Ne7 13. e4 c6 14. Qc2 f4 15. gxf4
exf4 16. Ne2 g5 17. h3 Ng6 18. Kh1 h5 19. h4 gxh4 20. Neg1 Ne5 21. d4 Nxf3 22.
Bxf3 Bxd4 23. Bc3 Be5 24. Rad1 Qg5 25. c5 Bg4 26. Bxe5 dxe5 27. Qb3 Rg8 28. Kh2
Rg7 29. Nh3 Qg6 30. Rg1 Qf6 31. Rd2 Rd8 32. Rgd1 Rxd2 33. Rxd2 Qe6 34. Qxe6
Bxe6 35. Bxh5 Nf6 36. Rd6 Bxh3 37. Rxf6 Bf1 38. Bf3 h3 39. Rf5 Bg2 40. Bxg2
Rxg2+ 41. Kxh3 Rxf2 42. Rxe5 Rxb2 43. Kg4 f3 44. Re7+ Kg6 45. Kxf3 Kf6 46. Rh7
Ke5 47. Rh5+ Kd4 48. a4 Rc2 49. Rh7 Rxc5 50. Rxb7 Ra5 51. Rc7 c5 52. Rd7+ Ke5
53. Rd5+ Ke6 54. Kf4 Rxa4 55. Rxc5 Ra1 56. Rc6+ Ke7 57. Ke5 Ra5+ 58. Kf4 Ra1
59. Kf5 a5 60. Ra6 a4 61. Ke5 a3 62. Ra7+ Kd8 63. Ke6 a2 64. e5 Kc8 65. Ke7 Re1
1/2-1/2

[Event "XIII Festival A"]
[Site "Montecatini Terme ITA"]
[Date "2007.07.30"]
[Round "3"]
[White "Mazzetta, Renato"]
[Black "Parodi, Alessandro"]
[WhiteElo "1864"]
[BlackElo "1961"]
[Result "1/2-1/2"]
[PlyCount "44"]
[EventDate "2007.07.28"]

1. e4 d6 2. Nc3 Nf6 3. g3 g6 4. Bg2 Bg7 5. h3 O-O 6. Nge2 c6 7. O-O Qc7 8. d3
Nbd7 9. f4 b5 10. g4 Nb6 11. Ng3 Ne8 12. Nce2 f5 13. gxf5 gxf5 14. Nh5 e6 15.
Nxg7 Qxg7 16. Rf3 Rf6 17. Rg3 Rg6 18. Qe1 Bd7 19. Rxg6 hxg6 20. Qc3 Nf6 21. b3
c5 22. Bb2 Rf8 1/2-1/2

[Event "XIII Festival A"]
[Site "Montecatini Terme ITA"]
[Date "2007.07.31"]
[Round "4"]
[White "Pepino, Enrico"]
[Black "Fascetti De Leon Cultri, Angelo"]
[WhiteElo "2153"]
[BlackElo "2010"]
[Result "1-0"]
[PlyCount "67"]
[EventDate "2007.07.28"]

1. e4 d6 2. d4 Nf6 3. Nc3 g6 4. f4 Bg7 5. Nf3 O-O 6. Bd3 Nc6 7. e5 dxe5 8. dxe5
Nd5 9. Nxd5 Qxd5 10. Qe2 Bf5 11. Bxf5 gxf5 12. O-O f6 13. e6 Nd4 14. Nxd4 Qxd4+
15. Qe3 Rfd8 16. Re1 b6 17. a4 Bh6 18. g3 a5 19. Ra3 Kf8 20. Rc3 c5 21. Qxd4
Rxd4 22. b3 Rad8 23. Rce3 Rd1 24. Kf2 Rxe1 25. Kxe1 Rd4 26. Bb2 Re4 27. Rxe4
fxe4 28. f5 Be3 29. Ke2 Bd4 30. Bc1 Ke8 31. Bd2 Kd8 32. c3 Bg1 33. Be3 Bxh2 34.
Kf2 1-0

[Event "XIII Festival A"]
[Site "Montecatini Terme ITA"]
[Date "2007.07.31"]
[Round "4"]
[White "Simeone, Giulio"]
[Black "Mazzetta, Renato"]
[WhiteElo "2003"]
[BlackElo "1864"]
[Result "1-0"]
[PlyCount "77"]
[EventDate "2007.07.28"]

1. c4 Nf6 2. Nc3 g6 3. e4 d6 4. d4 Bg7 5. f3 O-O 6. Be3 e5 7. d5 a5 8. a3 Nh5
9. Nge2 f5 10. Nc1 f4 11. Bf2 Rf7 12. Nd3 g5 13. h3 Nf6 14. Be2 h5 15. c5 Bf8
16. cxd6 cxd6 17. Qb3 Rg7 18. Kd2 Na6 19. Rac1 Bd7 20. Bb6 Qe8 21. Bxa5 g4 22.
hxg4 hxg4 23. Rh6 gxf3 24. gxf3 Nh5 25. Qxb7 Rg5 26. Re6 Bxe6 27. dxe6 Nc5 28.
Nxc5 dxc5 29. Bb5 Rg7 30. Qd5 Nf6 31. Bxe8 Nxd5 32. exd5 Rxe8 33. Ne4 Rg2+ 34.
Kc3 Kg7 35. Rc2 Rxc2+ 36. Kxc2 Ra8 37. Bb6 Kg6 38. Bxc5 Bxc5 39. Nxc5 1-0